| 000 | 00325nam a2200121Ia 4500 | ||
|---|---|---|---|
| 008 | 210430s9999 xx 000 0 und d | ||
| 082 | _a541 M 9631 T | ||
| 100 |
_aJames R. Munkres _953226 |
||
| 245 |
_aTopology _cJames R. Munkres |
||
| 260 |
_aISLAMABAD _bNational Book Foundation _c2010 |
||
| 300 | _a537p | ||
| 942 |
_cBK _2ddc |
||
| 999 |
_c563238 _d563238 |
||